| 000 | 00876nam a22002177a 4500 | ||
|---|---|---|---|
| 005 | 20230322065432.0 | ||
| 008 | 230322b |||||||| |||| 00| 0 eng d | ||
| 020 | _a978-971-9931-07-2 | ||
| 082 | _aG.R. 595.3 N213 2017 | ||
| 100 |
_aQuinitio, Emilia T. _eeditor |
||
| 245 |
_aPhilippines: _bIn the forefront of the mud crab industry development / _cEmilia T. Quinitio, Fe Dolores Parado - Estepa, Rilicardo M. Coloso |
||
| 260 |
_aTigbawan, Iloilo: _bSoutheast Asian Fisheries Development Center, _cc2017. |
||
| 300 |
_avii, 186p.; _bcol. ill. |
||
| 541 | _e6370 | ||
| 650 | _aCrab culture - Philippines - Congresses | ||
| 650 | _aScylla (Crustacea) - Breeding - Philippines - Congresses | ||
| 650 | _aScylla (Crustacea) - Feeding and feeds | ||
| 650 | _aScylla (Crustacea) - Diseases | ||
| 700 |
_aEstepa, Fe Dolores P. _eeditor |
||
| 700 |
_aColoso, Rilicardo M. _eeditor |
||
| 999 |
_c1954 _d1954 |
||